Teologa̕ polt̕ica e imagen

Bibliographic Details
Main Author: Parra, Lism̕aco
Other Authors: Treml, Martin
Format: eBook
Language:Spanish
Published: Bogot:̀ Universidad de Los Andes (Colombia), 2019
Subjects:
Online Access:Acceso restringido

MARC

LEADER 00000nam a22000007a 4500
005 2020072209069.0
007 cr|||| ||||
008 200722s2019 co |||||s|||| 00||0 spa d
020 |a 978-958-783-753-7 
035 |a 31859 
040 |a vLex 
090 |c 10677  |d 10677 
100 1 |a Parra, Lism̕aco 
245 1 0 |a Teologa̕ polt̕ica e imagen  |h [Recurso electrn̤ico] /  |c Lism̕aco Parra, Martin Treml 
256 |a Servicio en ln̕ea 
260 |a Bogot:̀  |b Universidad de Los Andes (Colombia),  |c 2019 
300 |a 1 recurso electrn̤ico 
506 1 |a Disponible solo en los productos indicados  |d vLex Global  |d vLex Global (Academic Edition, excluding Law Schools)  |d vLex Global (U.S. Academic Edition, Law Schools)  |d vLex Global (U.S. Academic Edition, excluding Law Schools)  |d vLex Global (Academic Edition, Law Schools) 
650 0 4 |a Derecho Constitucional  |z Colombia 
700 1 |a Treml, Martin 
740 0 |a vLex Libros (Servicio en ln̕ea) 
856 4 0 |u http://vlex.com/source/teologia-politica-imagen-31859  |z Acceso restringido 
942 |c BOOK 
999 0 |a Constitutional right